1920 Summer Olympics medal table - Statistics

General Stats
  • This quiz has been taken 28 times
  • The average score is 18 of 22
Answer Stats
Rank Gold Silver Bronze Total Answer % Correct
3 15 15 13 43 Great Britain
100%
1 41 27 27 95 United States
100%
8 9 19 13 41 France
96%
12 3 3 3 9 Canada
93%
4 15 10 9 34 Finland
93%
7 13 5 5 23 Italy
93%
6 13 9 9 31 Norway
93%
17 0 2 0 1 Spain
93%
2 19 20 25 64 Sweden
93%
16 0 2 1 3 Australia
89%
9 4 2 5 11 Netherlands
89%
5 14 11 11 36 Belgium
86%
19 0 1 0 1 Greece
86%
17 0 2 0 2 Japan
86%
15 1 1 1 3 Brazil
82%
21 0 0 2 2 Czechoslovakia
75%
13 2 2 7 11 Switzerland
75%
10 3 9 1 13 Denmark
71%
22 0 0 1 1 New Zealand
71%
11 3 4 3 10 South Africa
64%
19 0 1 0 1 Luxembourg
50%
14 1 2 0 3 Estonia
36%
No matching quizzes found
Score Distribution
Percent of People with Each Score
Percentile by Number Answered
Your Score History
You have not taken this quiz